The foundations of mathematics and other logical essays

Αποθηκεύτηκε σε:
Λεπτομέρειες βιβλιογραφικής εγγραφής
Κύριος συγγραφέας: Ramsey, Frank Plumpton, 1903-1930
Άλλοι συγγραφείς: Braithwaite, R. B. (Richard Bevan) (Επιμελητής έκδοσης)
Μορφή: Βιβλίο
Γλώσσα:English
Δημοσίευση: London : Routledge & Kegan Paul, 1954.
Έκδοση:1st ed., 3rd impression
Σειρά:International library of psychology, philosophy, and scientific method
Θέματα:
Ετικέτες: Προσθήκη ετικέτας
Δεν υπάρχουν, Καταχωρήστε ετικέτα πρώτοι!

MARC

LEADER 00000cam a2200000 i 4500
001 1/100872
008 090209r19541931 eng d
035 |l 10103031 
040 |a GR-MY-UA  |b gre  |e aacr 
041 0 |a eng 
082 0 |a 510.1  |2 (22) 
100 1 |a Ramsey, Frank Plumpton,   |d 1903-1930. 
245 1 4 |a The foundations of mathematics and other logical essays /   |c by Frank Plumpton Ramsey ; edited by R.B. Braithwaite, with a preface by G.E. Moore.  
250 |a 1st ed., 3rd impression 
260 |a London :   |b Routledge & Kegan Paul,   |c 1954.  
300 |a xviii, 292 σ. ;   |c 22 εκ.  
490 1 |a (International library of psychology, philosophy and scientific method)  
504 |a Βιβλιογραφία: σ. xv-xvi.  
650 0 0 |a Mathematics  |x Philosophy. 
650 0 0 |a Logic, Symbolic and mathematical. 
700 1 |a Braithwaite, R. B.   |q (Richard Bevan)  |e edt 
830 0 |a International library of psychology, philosophy, and scientific method 
852 |a INST  |b SAMOS  |c MAG  |e 20090209  |h 510.1 RAM  |p 005300029402  |q 005300029402  |t BK  |y 0 
901 |a BIBL3-2009-1 
909 |a Σ  |b 155567 
970 |a ΣΙΤΖΙΜΗ  |b ΓΙΑΣΕΜΗ  |z 2009/02/09